000 00515nam a2200193Ia 4500
008 210417s9999 xx 000 0 und d
020 _a9789386603111
020 _b938660311X
082 _a300 DIP
082 _b22.300 DIP
245 0 _aCivil society and modern politics
245 0 _cCivil society and modern politics
250 _b"vi, 336 p. ; 23 cm., hbk."
260 _aNew Delhi
260 _bGlobal Vision Publishing House
260 _c2018
700 _aDipali Saha
700 _bby Dipali Saha
999 _c490218
_d490218